| 000 | 00584nam a2200241Ia 4500 | ||
|---|---|---|---|
| 003 | OSt | ||
| 005 | 20230525192454.0 | ||
| 008 | 210423s1999 xx 000 0 und d | ||
| 040 | _cAL | ||
| 041 | _akan | ||
| 082 |
_a331.12502k _223 _bBABP |
||
| 100 |
_aBABU (Panduranga) _9114610 |
||
| 245 | _aPanchala vrutti padakosha | ||
| 250 | _a1 | ||
| 260 |
_aHampi _bPrasasanga _c1999 |
||
| 300 | _avi,32 | ||
| 365 |
_b75 _cINR |
||
| 440 | _v1 | ||
| 650 |
_aEconomics _9114611 |
||
| 650 |
_aLabour Economics _9114612 |
||
| 906 | _apadakosha ; Panchala ; vrutti | ||
| 942 |
_2ddc _cBK |
||
| 999 |
_c173330 _d173330 |
||